Normal view
MARC view
Entry Personal Name
001 - CONTROL NUMBER
- control field: 1655
003 - CONTROL NUMBER IDENTIFIER
- control field: BD-RjUL
005 - DATE AND TIME OF LATEST TRANSACTION
- control field: 20220303102036.0
008 - FIXED-LENGTH DATA ELEMENTS
- fixed length control field: 220303|| aca||aabn | a|a d
040 ## - CATALOGING SOURCE
- Original cataloging agency: BD-RjUL
- Transcribing agency: BD-RjUL
100 ## - HEADING--PERSONAL NAME
- Personal name: শফি, মুহম্মদ
670 ## - SOURCE DATA FOUND
- Source citation: Work cat.: (BD-RjUL)79479: শফি, মুহম্মদ , বঙ্গবন্ধু শেখ মুজিব / , ২০১৮